000 00647nam a2200253 a 4500
001 nice12345678
003 IN_TiNIC
005 20260116011740.0
008 050524s1969 hyda grp 000 0 per
020 _a
_c100
082 0 0 _a297.409
_bSAM
100 _aSamani, Shah Mohammed Ali
245 _aSair-E-Mohammadi
260 _aHyderabad
_bMarkazi Anjuman Taleemus Salat
_c1969
300 _a180p
500 _aincludes index and biblioraphy
505 2 _aBibliography, Index
650 _aSufism-Biography
650 _aBiography-Sufi
700 1 _aSamani, Shah Mohammed Ali
902 _bSRS
942 _cBK
999 _c3674
_d3674